000 00366nam a2200097Ia 4500
008 180130s9999 xx 000 0 und d
245 _cSulaiman, O; Saharuddin, A.H.; Kader, A.S.A.
_aTowards sustainable green ship technology
260 _c2016
300 _aBook title: Information technology management--Acession number C20746; pages 192-214
650 _aIT MANAGEMENT
999 _c354274
_d354274